Statistics for Delhi Airport Quiz

Click here to take the quiz!

General Stats

  • This quiz has been taken 14 times
    (7 since last reset)
  • The average score is 7 of 13

Answer Stats

QuestionAnswer% Correct
How many terminals does Delhi have?3
100%
What is the IATA Code of IGI?DEL
100%
Who is IGI Airport named after?Indira Gandhi
100%
Delhi Airport is a hub for ________Air India
83%
How many entry gates does Delhi IGIA have?>12
50%
How many Airlines served IGI Airport in 2020?>50
50%
How many passengers served Delhi Airport in 2019?69 Million
50%
How many boarding gates does Delhi have?110
33%
How many runways does Delhi Airport have?3
33%
Which company built Delhi Airport?GMR
33%
What rank did Delhi get by passenger rating in 2020?Skytrax- 69, ACI- 2
33%
How many tons of cargo did Delhi Airport handle in 2020?1 Million
17%
What is the land area of IGI Airport?2066 Hectares
17%

Score Distribution

Percentile by Number Answered

Percent of People with Each Score

Your Score History

You have not taken this quiz since the last reset